| 000 | 00456nam a2200181 a 4500 | ||
|---|---|---|---|
| 001 | 5379 | ||
| 003 | CO-ViMGA | ||
| 008 | 141112s2004 ck r 000 u spa d | ||
| 040 |
_aCO-ViMGA _bspa _cCO-ViMGA |
||
| 082 | 0 | 4 | _a891.73 S465cri |
| 100 | 1 |
_aSholojov, Mijail _93692 |
|
| 245 | 1 | 0 | _aEl destino de un hombre |
| 250 | _a2a | ||
| 260 |
_aSantafé de Bogotá : _bPanAméricana, _c1995 |
||
| 300 | _a68 p | ||
| 650 | 1 | 4 |
_aNOVELA RUSA _94026 |
| 942 |
_2ddc _cBK |
||
| 999 |
_c17370 _d17370 |
||